| 000 | 00428nam a22001697a 4500 | ||
|---|---|---|---|
| 005 | 20160625135625.0 | ||
| 008 | 160625b xxu||||| |||| 00| 0 eng d | ||
| 020 | _a81-7273-234-1 | ||
| 041 | _aeng | ||
| 082 | _b10220 | ||
| 100 |
_aChakravarty, Jagdish _92734 |
||
| 245 | _aCyber Media Journalism Emarging Technologics | ||
| 260 |
_bAuthours Press _c2005 |
||
| 300 | _a260 | ||
| 650 |
_aMass Communication _92660 |
||
| 942 | _cBK | ||
| 999 |
_c4025 _d4024 |
||